[Event "New Westminster op"]
[Site "New Westminster"]
[Date "2017.10.07"]
[Round "2.6"]
[White "Lehingrat, Callum"]
[Black "Wu, Lucian"]
[Result "0-1"]
[WhiteElo "1823"]
[BlackElo "1903"]
[PlyCount "78"]
[EventDate "2017.10.07"]
[EventType "swiss"]
[EventRounds "6"]
[EventCountry "CAN"]
[SourceTitle "EXT 2022"]
[Source "ChessBase"]
[SourceDate "2021.10.06"]
[SourceVersion "1"]
[SourceVersionDate "2021.10.06"]
[SourceQuality "1"]

1. d4 Nf6 2. c4 g6 3. Nc3 Bg7 4. e4 d6 5. Nf3 0-0 6. Be2 e5 7. 0-0 Nc6 8. d5 Ne7 9. Ne1 Nd7 10. Nd3 f5 11. f3 f4 12. Bd2 g5 13. Rc1 Nf6 14. c5 Ng6 15. Nb5 Rf7 16. Ba5 b6 17. cxb6 axb6 18. Be1 h5 19. Qc2 Ne8 20. Nb4 g4 21. Nc6 Qg5 22. Bc4 gxf3 23. Rxf3 Bg4 24. Rc3 f3 25. g3 Bh3 26. Bf1 Bxf1 27. Kxf1 Bh6 28. Qf2 Qg4 29. Bd2 Bxd2 30. Qxd2 Qh3+ 31. Kf2 Qxh2+ 32. Ke3 Qxg3 33. Qf2 Qf4+ 34. Kd3 Nf6 35. Rc4 Ng4 36. Qd2 Qg3 37. Kc2 f2 38. Rc3 Qg1 39. Qg5 Qxc1+ 0-1

[Event "British Columbia-ch U20"]
[Site "Richmond"]
[Date "2016.11.11"]
[Round "1.7"]
[White "Zhu, Brandon"]
[Black "Wu, Lucian"]
[Result "0-1"]
[WhiteElo "1849"]
[BlackElo "1497"]
[PlyCount "74"]
[EventDate "2016.11.11"]
[EventType "swiss"]
[EventRounds "5"]
[EventCountry "CAN"]
[SourceTitle "EXT 2022"]
[Source "ChessBase"]
[SourceDate "2021.10.06"]
[SourceVersion "1"]
[SourceVersionDate "2021.10.06"]
[SourceQuality "1"]

1. d4 Nf6 2. c4 g6 3. Nc3 Bg7 4. e4 d6 5. f3 0-0 6. Be3 Nc6 7. Nge2 a6 8. Qd2 Rb8 9. Rc1 Bd7 10. g4 b5 11. Ng3 b4 12. Nd1 Ne8 13. h4 e5 14. d5 Nd4 15. Be2 b3 16. a3 Nc2+ 17. Kf2 Nxe3 18. Nxe3 Bh6 19. h5 Bf4 20. Rh3 Nf6 21. Rch1 Bxg4 22. Rh4 Bxh5 23. Qe1 c6 24. Qg1 Kh8 25. Nef5 Rg8 26. Qd1 Qb6+ 27. Kf1 cxd5 28. exd5 gxf5 29. Nxh5 Nxh5 30. Rxh5 Rg7 31. Bd3 Rbg8 32. Ke1 Rg1+ 33. Bf1 Qe3+ 34. Qe2 Qc1+ 35. Kf2 Rxh1 36. Rxh1 Bg3+ 37. Kg1 Bh4+ 0-1

[Event "CAN-ch U10"]
[Site "Windsor"]
[Date "2016.07.07"]
[Round "4.81"]
[White "Wu, Lucian"]
[Black "Issani, Nameer"]
[Result "0-1"]
[WhiteElo "1320"]
[BlackElo "2145"]
[PlyCount "102"]
[EventDate "2016.07.05"]
[EventType "swiss"]
[EventRounds "7"]
[EventCountry "CAN"]
[SourceTitle "EXT 2022"]
[Source "ChessBase"]
[SourceDate "2021.10.06"]
[SourceVersion "1"]
[SourceVersionDate "2021.10.06"]
[SourceQuality "1"]

1. d4 Nf6 2. c4 e6 3. Nc3 Bb4 4. Qc2 d6 5. a3 Bxc3+ 6. Qxc3 b6 7. Nf3 Bb7 8. e3 Nbd7 9. Be2 Qe7 10. b4 0-0 11. 0-0 Rfe8 12. Bb2 e5 13. Rfe1 Rac8 14. Rad1 c5 15. d5 cxb4 16. axb4 Bxd5 17. Qb3 Be6 18. Ra1 Rc7 19. Red1 b5 20. Rdc1 Rec8 21. Qc2 Bxc4 22. Bxc4 Rxc4 23. Qd2 Rxc1+ 24. Rxc1 Rxc1+ 25. Qxc1 Nb6 26. Qd1 Nc4 27. Bc3 Qe6 28. Qa1 Qd7 29. h3 h6 30. Nd2 Nxd2 31. Bxd2 Nd5 32. Be1 Nb6 33. f3 Nc4 34. e4 Qb7 35. Bf2 a6 36. Qa2 Kf8 37. Be1 Ke7 38. Qf2 Qb6 39. Kf1 Qxf2+ 40. Kxf2 Ke6 41. Ke2 f5 42. exf5+ Kxf5 43. Bg3 e4 44. fxe4+ Kxe4 45. Bh4 g5 46. Bf2 d5 47. g4 d4 48. Kd1 Kd3 49. Bg3 Ke3 50. Be1 d3 51. Bc3 d2 0-1

[Event "CAN-ch U10"]
[Site "Windsor"]
[Date "2016.07.05"]
[Round "1.100"]
[White "Ripley, Noah"]
[Black "Wu, Lucian"]
[Result "0-1"]
[WhiteElo "670"]
[BlackElo "1320"]
[PlyCount "110"]
[EventDate "2016.07.05"]
[EventType "swiss"]
[EventRounds "7"]
[EventCountry "CAN"]
[SourceTitle "EXT 2022"]
[Source "ChessBase"]
[SourceDate "2021.10.06"]
[SourceVersion "1"]
[SourceVersionDate "2021.10.06"]
[SourceQuality "1"]

1. e4 e5 2. Nf3 Nc6 3. Bb5 a6 4. Bxc6 bxc6 5. Nxe5 Nf6 6. Nc3 Bd6 7. d4 h6 8. Be3 0-0 9. Nc4 Bb4 10. e5 Ne4 11. Bd2 Nxd2 12. Qxd2 d6 13. f4 c5 14. a3 cxd4 15. Qxd4 Bc5 16. Qd5 Be6 17. Qd3 Qe7 18. f5 Bxc4 19. Qxc4 Qxe5+ 20. Ne2 Qxf5 21. 0-0-0 Qg5+ 22. Nf4 Be3+ 23. Kb1 Qxf4 24. Qxc7 Rab8 25. Qxd6 Qxd6 26. Rxd6 a5 27. Rd5 a4 28. Ra5 Ra8 29. Rxa8 Rxa8 30. Re1 Bc5 31. c3 Rb8 32. Kc2 Bd6 33. h3 Rd8 34. Re4 Ra8 35. b4 axb3+ 36. Kxb3 Rxa3+ 37. Kb2 Ra7 38. c4 Re7 39. Rxe7 Bxe7 40. Kb3 Kh7 41. Ka4 Kg6 42. Kb5 Kh5 43. c5 Kh4 44. c6 Bd6 45. Kc4 Kg3 46. Kd5 Bb8 47. Kc5 Kxg2 48. Kb6 f5 49. c7 Bxc7+ 50. Kxc7 f4 51. Kd6 f3 52. Ke5 f2 53. Kf4 f1Q+ 54. Kg4 Qf3+ 55. Kh4 g5# 0-1

[Event "Vancouver Intermat"]
[Site "Vancouver"]
[Date "2016.05.14"]
[Round "2.9"]
[White "Peng, Brandon"]
[Black "Wu, Lucian"]
[Result "0-1"]
[WhiteElo "1676"]
[BlackElo "1320"]
[PlyCount "72"]
[EventDate "2016.05.14"]
[EventType "swiss"]
[EventRounds "2"]
[EventCountry "CAN"]
[SourceTitle "EXT 2022"]
[Source "ChessBase"]
[SourceDate "2021.10.06"]
[SourceVersion "1"]
[SourceVersionDate "2021.10.06"]
[SourceQuality "1"]

1. c4 Nf6 2. Nf3 g6 3. Nc3 Bg7 4. g3 0-0 5. Bg2 d6 6. 0-0 c5 7. Re1 Nc6 8. d3 a6 9. Bd2 Rb8 10. Qc1 b5 11. cxb5 axb5 12. a3 Na5 13. Qc2 Be6 14. Ng5 Bf5 15. e4 Bd7 16. b4 cxb4 17. axb4 Nc6 18. Reb1 Nd4 19. Qd1 Ra8 20. Rxa8 Qxa8 21. e5 Bc6 22. Bxc6 Qxc6 23. exf6 exf6 24. Nge4 f5 25. Ng5 h6 26. Ne2 hxg5 27. Bxg5 Nf3+ 28. Kf1 Nxg5 29. Nf4 Qh1+ 30. Ke2 Re8+ 31. Kd2 Nf3+ 32. Kc2 Rc8+ 33. Kb3 Nd4+ 34. Ka2 Qa8+ 35. Kb2 Nb3+ 36. Kxb3 Qa4# 0-1

[Event "CAN-ch U08"]
[Site "Ottawa"]
[Date "2013.07.10"]
[Round "2"]
[White "Guipi Bopala, Prince Eric Jr"]
[Black "Wu, Lucian"]
[Result "0-1"]
[WhiteElo "804"]
[BlackElo "599"]
[PlyCount "103"]
[EventDate "2013.07.10"]
[EventType "swiss"]
[EventRounds "6"]
[EventCountry "CAN"]
[SourceTitle "EXT 2022"]
[Source "ChessBase"]
[SourceDate "2021.10.06"]
[SourceVersion "1"]
[SourceVersionDate "2021.10.06"]
[SourceQuality "1"]

1. d4 Nf6 2. Nc3 g6 3. e4 d6 4. Nf3 Bg7 5. Bd3 0-0 6. Be3 Nc6 7. 0-0 Ng4 8. Bf4 e5 9. d5 exf4 10. dxc6 bxc6 11. h3 Nf6 12. e5 dxe5 13. Nxe5 c5 14. Qf3 Rb8 15. Nc6 Bb7 16. Nxd8 Bxf3 17. gxf3 Rfxd8 18. Rab1 Nd5 19. Nb5 a6 20. Nc3 Nxc3 21. bxc3 a5 22. Rb5 Rxb5 23. Bxb5 Bxc3 24. a4 Rd2 25. Re1 Rxc2 26. Re7 Bd4 27. Rxc7 Bxf2+ 28. Kf1 Bd4 29. Ra7 Bc3 30. Bc4 Rh2 31. Rxf7 Bd4 32. Rxf4+ Kg7 33. Rf7+ Kh6 34. Ra7 Rf2+ 35. Ke1 Rxf3 36. Rxa5 Bc3+ 37. Ke2 Bxa5 38. Kxf3 Kg7 39. Ke4 Kf6 40. Kd5 Bb4 41. Kc6 Kf5 42. Kb5 g5 43. a5 Bxa5 44. Kxa5 Ke5 45. Kb6 Kd4 46. Bf1 c4 47. Be2 h6 48. Bg4 c3 49. Bd1 Kd3 50. Kb5 c2 51. Bxc2+ Kxc2 52. Kc4 0-1